书目信息 |
| 题名: |
街舞
|
|
| 作者: | 廖亚娟 编著 | |
| 分册: | ||
| 出版信息: | 长春 吉林文史出版社 2018 |
|
| 页数: | 186页 | |
| 开本: | 24cm | |
| 丛书名: | ||
| 单 册: | ||
| 中图分类: | J732.6 | |
| 科图分类: | ||
| 主题词: | 现代舞蹈--基本知识 , 现代舞蹈 | |
| 电子资源: | ||
| ISBN: | 978-7-5472-1708-5 | |
| 000 | 00828nam0 2200277 45 | |
| 001 | 012001012333 | |
| 005 | 20141124111113.0 | |
| 010 | @a978-7-5472-1708-5@dCNY35.80 | |
| 090 | @aJ732@blyj | |
| 100 | @a20140429d2014 em y0chiy50 ea | |
| 101 | 0 | @achi |
| 102 | @aCN@b220000 | |
| 105 | @aa z 000yy | |
| 106 | @ar | |
| 200 | 1 | @a街舞@9jie wu@f廖亚娟编著 |
| 210 | @a长春@c吉林文史出版社@d2018 | |
| 215 | @a186页@c彩照@d24cm | |
| 300 | @a最受欢迎的全民健身项目指导用书/南来寒主编 | |
| 330 | @a本书将从街舞的起源、类别等到街舞与健身的联系,通过详细的讲解为您介绍如何在练习街舞的过程中达到健身的目的。 | |
| 606 | 0 | @a现代舞蹈@x基本知识 |
| 606 | 0 | @a现代舞蹈 |
| 610 | 0 | @a街舞 |
| 690 | @aJ732.6@v5 | |
| 701 | 0 | @a廖亚娟@9liao ya juan@4编著 |
| 801 | 0 | @aCN@b上海新华@c20191020 |
| 905 | @b1178936-9@dJ732.6@e242@f4 | |
| 街舞/廖亚娟编著.-长春:吉林文史出版社,2018 |
| 186页:彩照;24cm |
| 最受欢迎的全民健身项目指导用书/南来寒主编 |
| ISBN 978-7-5472-1708-5:CNY35.80 |
| 本书将从街舞的起源、类别等到街舞与健身的联系,通过详细的讲解为您介绍如何在练习街舞的过程中达到健身的目的。 |
| ● |
| 相关链接 |
|
|
|
|
正题名:街舞
索取号:J732.6/242
 
预约/预借
| 序号 | 登录号 | 条形码 | 馆藏地/架位号 | 状态 | 备注 |
| 1 | 1178936 | 211789368 | 第一样本阅览室/ [索取号:J732.6/242] | 在馆 | |
| 2 | 1178937 | 211789377 | 第一借阅区/ [索取号:J732.6/242] | 在馆 | |
| 3 | 1178938 | 211789386 | 第一借阅区/ [索取号:J732.6/242] | 在馆 | |
| 4 | 1178939 | 211789395 | 第一借阅区/ [索取号:J732.6/242] | 在馆 |